Dictator to Country - Statistics

General Stats
  • This quiz has been taken 36 times
    28 since last reset
  • The average score is 16 of 33
Answers on the Map
Answers color-coded by a green-red scale on the quiz's map according to % correct below.
 
Answer Stats
Answer % Correct
Adolf Hitler
100%
Joseph Stalin
96%
Mao Zedong
96%
Benito Mussolini
92%
Fidel Castro
92%
Kim Jong-un
88%
Napoleon Bonaparte
88%
Francisco Franco
77%
Hirohito
77%
Alexander Lukashenko
73%
Muammar Gaddafi
73%
Pol Pot
73%
Bashar al-Assad
69%
Saddam Hussein
65%
Manuel Noriega
50%
Augusto Pinochet
46%
Nicolae Ceausescu
46%
Ferdinand Marcos
38%
Josip Broz Tito
38%
Ali Khamenei
35%
Francois Duvalier
31%
Omar al-Bashir
27%
Antonio de Oliveira Salazar
23%
Rafael Trujillo
19%
Francois Tombalbaye
15%
Juvenal Habyarimana
15%
Ne Win
15%
Getúlio Vargas
12%
Jorge Rafael Videla
12%
Lee Kuan Yew
12%
Mobutu Sese Seko
12%
Victoriano Huerta
12%
Jean-Bedel Bokassa
8%
No matching quizzes found
Score Distribution
Percent of People with Each Score
Percentile by Number Answered
Your Score History
You have not taken this quiz since the last reset